Loading...
| Current Events | 1 | 20.00 | 100% | 100% | 0% |
| Fine Arts - Classical Music | 5 | 12.00 | 100% | 20% | 0% |
| Fine Arts - Other | 3 | 16.67 | 100% | 33% | 33% |
| Fine Arts - Painting and Sculpture | 4 | 20.00 | 100% | 100% | 0% |
| Geography | 2 | 20.00 | 100% | 100% | 0% |
| History - American | 4 | 12.50 | 75% | 50% | 0% |
| History - European | 3 | 16.67 | 100% | 67% | 0% |
| History - Other | 7 | 11.43 | 100% | 14% | 0% |
| History - World | 8 | 17.50 | 100% | 63% | 13% |
| Literature - American | 7 | 15.71 | 100% | 29% | 29% |
| Literature - British | 6 | 16.67 | 100% | 67% | 0% |
| Literature - European | 4 | 15.00 | 100% | 50% | 0% |
| Literature - World | 6 | 15.00 | 100% | 50% | 0% |
| Mythology | 6 | 21.67 | 100% | 50% | 67% |
| Other Academic | 1 | 20.00 | 100% | 100% | 0% |
| Philosophy | 5 | 6.00 | 60% | 0% | 0% |
| Popular Culture | 1 | 20.00 | 100% | 100% | 0% |
| Religion | 2 | 15.00 | 100% | 50% | 0% |
| Science - Biology | 3 | 20.00 | 100% | 100% | 0% |
| Science - Chemistry | 5 | 20.00 | 100% | 60% | 40% |
| Science - Other | 6 | 13.33 | 100% | 33% | 0% |
| Science - Physics | 5 | 14.00 | 100% | 40% | 0% |
| Social Science | 8 | 17.50 | 100% | 38% | 38% |